| 000 | 00764cab a2200229 4500 | ||
|---|---|---|---|
| 001 | WB3243-38 | ||
| 008 | 090401t1996 xxu||||| |||| 00| 0 eng d | ||
| 035 | _a(Sirsi) u50343 | ||
| 041 | _aeng | ||
| 245 | _aRent review | ||
| 260 | _c1996 | ||
| 350 | _a0 | ||
| 490 |
_aEstates Gazette Case Summaries _v1996 EGCS 168 |
||
| 520 | _a"Royal Bank of Scotland plc v Jennings and others" 24 October 1996. Schedule 4 of the lease obliged the landlord to apply for the nomination of a valuer to carry out a rent review if both parties could not agree on a figure. | ||
| 650 | _aEXPERT VALUER | ||
| 650 | _aNOMINATION | ||
| 650 | _aRENT REVIEWS | ||
| 650 | _aVALUERS | ||
| 690 | _aLANDLORD AND TENANT-CASE LAW-RENT REVIEWS | ||
| 942 | _n0 | ||
| 948 | _c04/03/1997 | ||
| 999 |
_c31418 _d31418 |
||